| 000 | 00349cam a2200145ua 4500 | ||
|---|---|---|---|
| 003 | OSt | ||
| 008 | 220829b |||||||| |||| 00| 0 eng d | ||
| 041 | _aeng | ||
| 082 |
_a633.83 _bTRA/SP |
||
| 245 | _aSpices Statistics / | ||
| 250 | _a2 / | ||
| 260 |
_aKochi : _bTrade information service spices board , _c1994. |
||
| 300 | _a162 ; . | ||
| 942 | _cBK | ||
| 999 |
_c3130 _d3130 |
||